000 01015naa a2200289 c 4500
001 40097
003 ES-MaCES
005 20100406072300.0
008 100406n2010 sp t 000 | spa d
035 _aCES20100004352v
040 _aES-MaCES
_bspa
_cES-MaCES
100 1 _aValle Muñoz, Francisco Andrés
_925465
245 1 3 _aLa errónea identificación del empresario en los despidos y los efectos judiciales
_cFrancisco Andrés Valle Muñoz
500 _aResumen
650 4 _aEspaña
_926964
650 4 _aresponsabilidad del empleador
_930146
650 4 _asentencia judicial
_929888
650 4 _alegislación del trabajo
_927166
650 4 _aprocedimiento laboral
_930887
650 4 _arequerimiento judicial
_929886
650 4 _adespido
_928352
653 1 0 _aJurisprudencia
773 0 _tAranzadi social
_gn. 19 (feb. 2010){10650 R. 076416}; p. 85-107
_w(ES-MaCES)25655
_967513
902 _aART Artículo de revista
942 _2CES
_cAR
_h6.2.
999 _c40097
_d40097